| 000 | 01052 a2200277 4500 | ||
|---|---|---|---|
| 999 |
_c200129350 _d31695 |
||
| 001 | 200129350 | ||
| 003 | TR-AnTOB | ||
| 005 | 20231201162402.0 | ||
| 008 | 130517e2009 tu 000 0d | ||
| 020 | _a9789944260497 | ||
| 040 |
_aTR-AnTOB _beng _cTR-AnTOB _erda |
||
| 041 | _atur | ||
| 050 | 0 | 0 |
_aF2849.22.G85 _bS46 2009 |
| 090 | _aF2849.22.G85 S46 2009 | ||
| 100 | 1 |
_aŞencan, Caner _989351 |
|
| 245 | 1 | 0 |
_aChe Guevera : _bDevrime adanmış yaşam / _cCaner Şencan. |
| 250 | _a1. bs. | ||
| 264 | 1 |
_aİzmir: _bİlya, _c2009. |
|
| 300 |
_a261 p. ; _c21 cm. |
||
| 490 | 0 |
_aİlya yayın no; 199 _aTarihte iz bırakanlar dizisi; 03. |
|
| 505 | _aI.Bölüm: Che'nin Doğuşu -- II.Bölüm: Che'nin Gözüyle Bolivya -- III.Bölüm: Che'nin Mektupları -- IV.Bölüm: Röportajlar -- V.Bölüm: Che'nin Şiirleri -- VI.Bölüm: Che'nin Anısına Fidel Konuşuyor -- VII.Bölüm: Kronoloji. | ||
| 600 | 1 | 0 |
_aGuevara, Che, _d1928-1967 _988647 |
| 650 | 0 |
_aGerillalar _zLatin Amerika _vBiyografi _988667 |
|
| 942 |
_cBK _2lcc |
||